000 01414nam a22003857a 4500
003 CHAP
005 20220329142453.0
008 010518d2001 mx ad r 00110 spa d
010 _a83939
011 _a84911
035 _a95437
040 _cCHAP
090 _aTesis
100 0 0 _aMendoza Cruz, Juan Roberto.
_974631
245 1 0 _aDiseño de una maquina beneficiadora de lenteja (Lens culinaris Medikus)
_c/por Juan Roberto Mendoza Cruz
260 _aChapingo, Méx. :
_bEl autor,
_c2001
300 _a163 h. :
_bilus. ; gráfs. ; tablas
502 _aTesis (Ing. Mecánico Agrícola) -- UACH. Ingeniería Mecánica Agrícola
590 _aALEPH
_b10
_c20130110
_lUCH01
_h1442
590 _aBATCH-UPD
_b10
_c20130110
_lUCH01
_h0240
590 _aBATCH-UPD
_b10
_c20130110
_lUCH01
_h1534
590 _aBATCH-UPD
_b10
_c20130409
_lUCH01
_h2306
590 _aBATCH-UPD
_b10
_c20130410
_lUCH01
_h1606
590 _aBATCH-UPD
_b10
_c20130914
_lUCH01
_h1722
590 _aCONVERSION
_b10
_c20130109
_lUCH01
_h1347
650 1 4 _aLenteja
_xCostos de producción.
_966014
650 1 4 _aLenteja
_xImplementos y maquinaria.
_966024
650 1 4 _aMaquinaria agrícola
_xDiseño.
_971168
650 1 4 _aMaquinaria agrícola
_xMercadeo.
_971184
901 _aBK
905 _aMarco A. Mendoza T.
942 _cFOLL
949 _bBC
_cTES
_d33724000819728
_eTS2
_fc.2
_h38150
_i95437
_sb
949 _bBC
_cTES
_d954371
_eTS1
_h38149
_i95437
_sb
999 _c83939
_d83939